Квиз о Бахамима - Statistics

General Stats
  • This quiz has been taken 61 times
  • The average score is 9 of 18
Answer Stats
Опис Одговор % Correct
Бахами су прва земља Новог света коју је овај истраживач посетио 1492. Кристифор Колумбо
90%
Државе које се налази у близини Бахама Куба
88%
Држава од које су добили независност 1973. Уједињено Краљевство
82%
Људи често погрешно мисле да Бахами леже у овом мору Карипско море
78%
Државна валута Бахамски долар
76%
Државе које се налази у близини Бахама САД
75%
Главни град Насау
69%
Најпопуларнији спорт Крикет
67%
Грана привреде која чини 50% БДП-а Туризам
65%
Државе које се налази у близини Бахама Хаити
61%
Заокружи на најближи цели број, проценат популације који је умро или је транспортован са Бахама у првих 30 година од контакта са Европљанима 100%
51%
Британска територија која се налази само 46 км од Бахама {Теркс} и Кејкос
29%
Гусарски капетан брода "Освета краљице Ане" који је имао базу на Бахамима Црнобради
18%
Животиње са којима туристи могу да пливају код Биг Мејџор Кија Свиње
18%
Птица приказана на грбу Фламинго
10%
Бивши краљ који је био гувернер Бахама 1940–1945 Војвода од Виндзора (Едвард VIII)
6%
Највеће острво Северни {Андрос}
4%
Острво на коме се налази град изнад Њу Провиденс
0%
No matching quizzes found
Score Distribution
Percent of People with Each Score
Percentile by Number Answered
Your Score History
You have not taken this quiz